000 00677nam a2200205Ia 4500
003 GCL
008 140319s9999 xx 000 0 ara d
040 _aGCL /
_cGCL
082 0 4 _a208
_bا ا
100 1 _aمحمد الجورا
245 1 0 _aالله والانسان: على امتداد 4000 سنة من ابراهيم الخليل حتى العصر الحاضر /
_cمحمد الجورا
700 1 _aارمسترونغ ، كارين
300 _a424 ص
490 _aالهيئة العامة للاستعلامات
_v0
650 0 4 _aالانسان
650 0 4 _aالله
650 0 4 _aالديانات
650 0 4 _aالله والانسان
942 _2ddc
_cBK
999 _c49093
_d49093